Commerce, Justice, Science, and Related Agencies Appropriations for 2019.
| Format: | Government Document eBook |
|---|---|
| Language: | English |
| Published: |
Bethesda, Md. :
ProQuest,
2018.
|
| Subjects: | |
| Online Access: | Electronic resource (PDF) Electronic resource (PDF) Electronic resource (PDF) Electronic resource (PDF) Electronic resource (PDF) Electronic resource (PDF) |
MARC
| Tag | First Indicator | Second Indicator | Subfields |
|---|---|---|---|
| LEADER | 00000cam a22000001i 4500 | ||
| 001 | in00004153713 | ||
| 005 | 20200117101150.0 | ||
| 006 | m d f | ||
| 007 | cr bn mmmapmmp | ||
| 008 | 180830s2018 mdu o f000 0 eng d | ||
| 024 | 8 | |a chdc20180464 | |
| 035 | |a chdc20180464 | ||
| 040 | |a UMI |c UMI |e rda |d UtOrBLW | ||
| 043 | |a n-us--- | ||
| 086 | 0 | |a Y4.AP6/1:C73/2/2019/ | |
| 099 | |a HRG-2018-HAP-183291 | ||
| 099 | |a HRG-2018-HAP-185925 | ||
| 099 | |a HRG-2018-HAP-185154 | ||
| 099 | |a HRG-2018-HAP-186341 | ||
| 099 | |a HRG-2018-HAP-185906 | ||
| 110 | 1 | |a United States. |b Congress. |b House. |b Committee on Appropriations. |b Subcommittee on Commerce, Justice, Science, and Related Agencies, |e issuing body. |0 http://id.loc.gov/authorities/names/no2007064595 | |
| 245 | 1 | 0 | |a Commerce, Justice, Science, and Related Agencies Appropriations for 2019. |
| 264 | 1 | |a Bethesda, Md. : |b ProQuest, |c 2018. | |
| 300 | |a volumes, digital, PDF file. | ||
| 336 | |a text |2 rdacontent |b txt | ||
| 337 | |a computer |b c |2 rdamedia | ||
| 338 | |a online resource |2 rdacarrier |b cr | ||
| 500 | |a Record is based on bibliographic data in ProQuest U.S. Congressional Hearings Digital Collection. Reuse except for individual research requires license from ProQuest, LLC. | ||
| 500 | |a "2018." | ||
| 533 | |a Electronic reproduction. |b [Bethesda, Md.] : |c ProQuest, |d 2018. |e digital, PDF file. |n ProQuest Congressional Hearings Digital Collection. |n Mode of access: World Wide Web via ProQuest website. | ||
| 538 | |a System requirements: PDF reader software. | ||
| 610 | 1 | 0 | |a United States. |b Department of Commerce. |0 http://id.loc.gov/authorities/names/n79071034 |
| 610 | 1 | 0 | |a United States. |b Department of Justice. |0 http://id.loc.gov/authorities/names/n79038419 |
| 650 | 0 | |a Budget |z United States. |0 http://id.loc.gov/authorities/subjects/sh85017604 | |
| 651 | 0 | |a United States |x Appropriations and expenditures. |0 http://id.loc.gov/authorities/subjects/sh85139798 | |
| 776 | 0 | 8 | |i Microfiche version: |a United States. Congress. House. Committee on Appropriations. Subcommittee on Commerce, Justice, Science, and Related Agencies. |t Commerce, Justice, Science, and Related Agencies Appropriations for 2019 |o CIS 2018 H181-182425 (pt.1a) |o CIS 2018 H181-183291 (pt.1b) |o CIS 2018 H181-185925 (pt.3) |o CIS 2018 H181-185154 (pt.4) |o CIS 2018 H181-186341 (pt.5) |o CIS 2018 H181-185906 (pt.6) |
| 856 | 4 | 0 | |u http://proxy.library.tamu.edu/login?url=http://congressional.proquest.com/congcomp/getdoc?HEARING-ID=HRG-2018-HAP-182425 |y Electronic resource (PDF) |z CIS 2018 H181-182425 (pt.1a) |t 0 |
| 856 | 4 | 0 | |u http://congressional.proquest.com/congcomp/getdoc?HEARING-ID=HRG-2018-HAP-183291 |y Electronic resource (PDF) |z CIS 2018 H181-183291 (pt.1b) |t 0 |
| 856 | 4 | 0 | |u http://congressional.proquest.com/congcomp/getdoc?HEARING-ID=HRG-2018-HAP-185925 |y Electronic resource (PDF) |z CIS 2018 H181-185925 (pt.3) |t 0 |
| 856 | 4 | 0 | |u http://congressional.proquest.com/congcomp/getdoc?HEARING-ID=HRG-2018-HAP-185154 |y Electronic resource (PDF) |z CIS 2018 H181-185154 (pt.4) |t 0 |
| 856 | 4 | 0 | |u http://congressional.proquest.com/congcomp/getdoc?HEARING-ID=HRG-2018-HAP-186341 |y Electronic resource (PDF) |z CIS 2018 H181-186341 (pt.5) |t 0 |
| 856 | 4 | 0 | |u http://congressional.proquest.com/congcomp/getdoc?HEARING-ID=HRG-2018-HAP-185906 |y Electronic resource (PDF) |z CIS 2018 H181-185906 (pt.6) |t 0 |
| 999 | f | f | |s 8f7dea80-4a1a-35d4-9298-649b71edd0c2 |i f27868ca-06ca-3016-ad3b-fa72c5a91266 |t 0 |
| 952 | f | f | |a Texas A&M University |b College Station |c Electronic Resources |d Available Online |t 0 |e Y4.AP6/1:C73/2/2019/ |h Superintendent of Documents classification |
| 998 | f | f | |a Y4.AP6/1:C73/2/2019/ |t 0 |l Available Online |